Computational and statistical approaches to genomics
Сохранить в:
| Формат: | |
|---|---|
| Язык: | Undetermined |
| Опубликовано: |
Boston, MA
Kluwer Academic Publishers
2002
|
| Предметы: | |
| Метки: |
Добавить метку
Нет меток, Требуется 1-ая метка записи!
|
| Thư viện lưu trữ: | Trung tâm Học liệu Trường Đại học Cần Thơ |
|---|
| LEADER | 00513nam a2200181Ia 4500 | ||
|---|---|---|---|
| 001 | CTU_67606 | ||
| 008 | 210402s9999 xx 000 0 und d | ||
| 020 | |b 107 | ||
| 082 | |a 572.860285 | ||
| 082 | |b C738 | ||
| 245 | 0 | |a Computational and statistical approaches to genomics | |
| 245 | 0 | |c Edited by Wei Zhang and Ilya Shmulevich | |
| 260 | |a Boston, MA | ||
| 260 | |b Kluwer Academic Publishers | ||
| 260 | |c 2002 | ||
| 650 | |a Genomes | ||
| 904 | |i Minh | ||
| 980 | |a Trung tâm Học liệu Trường Đại học Cần Thơ | ||